|
|
|
|
| LEADER |
00000naa2a2200000 4500 |
| 001 |
380899 |
| 005 |
20231101062743.0 |
| 035 |
|
|
|a (RuTPU)RU\TPU\prd\2846
|
| 090 |
|
|
|a 380899
|
| 100 |
|
|
|a 20020405a2002 k y0rusy50 ca
|
| 101 |
0 |
|
|a rus
|
| 102 |
|
|
|a RU
|
| 200 |
1 |
|
|a Интегрированная SCADA и Softloqic система TRACE MODE 5 в 2002 году
|f Л. В. Анзимиров
|
| 225 |
1 |
|
|a 10 лет на рынке промышленной автоматики
|
| 461 |
|
1 |
|0 (RuTPU)RU\TPU\prd\1687
|t Приборы и системы. Управление, контроль, диагностика
|o научно-технический и производственный журнал
|d 2000-
|
| 463 |
|
1 |
|0 (RuTPU)RU\TPU\prd\2116
|t № 1
|v С. 7-13
|d 2002
|
| 610 |
1 |
|
|a проектирование
|
| 610 |
1 |
|
|a АСУТП
|
| 610 |
1 |
|
|a системы управления
|
| 610 |
1 |
|
|a программное обеспечение
|
| 610 |
1 |
|
|a промышленные контролёры
|
| 610 |
1 |
|
|a автоматизированные системы
|
| 700 |
|
1 |
|a Анзимиров
|b Л. В.
|
| 801 |
|
1 |
|a RU
|b 63413507
|c 20020405
|g PSBO
|
| 801 |
|
2 |
|a RU
|b 63413507
|c 20171017
|g PSBO
|
| 942 |
|
|
|c BK
|